Celebrate! : (Record no. 6392)

MARC details
000 -LEADER
fixed length control field 00872nam a22002297a 4500
001 - CONTROL NUMBER
control field 6392
003 - CONTROL NUMBER IDENTIFIER
control field FISKH
005 - DATE AND TIME OF LATEST TRANSACTION
control field 20250428121058.0
008 - FIXED-LENGTH DATA ELEMENTS--GENERAL INFORMATION
fixed length control field 250428b cb ||||| |||| 00| 0 eng d
020 ## - INTERNATIONAL STANDARD BOOK NUMBER
International Standard Book Number 9781600604522
040 ## - CATALOGING SOURCE
Original cataloging agency FISKH
Language of cataloging eng
Transcribing agency FISKH
Modifying agency FISKH
050 ## - LIBRARY OF CONGRESS CALL NUMBER
Classification number GT3933 R49
082 ## - DEWEY DECIMAL CLASSIFICATION NUMBER
Classification number 394.26
100 ## - MAIN ENTRY--PERSONAL NAME
Personal name Reynolds, Jan
245 ## - TITLE STATEMENT
Title Celebrate! :
Remainder of title Connections among cultures /
Statement of responsibility, etc. by Jan Reynolds
260 ## - PUBLICATION, DISTRIBUTION, ETC.
Place of publication, distribution, etc. New York :
Name of publisher, distributor, etc. Lee & Low Book,
Date of publication, distribution, etc. 2006
300 ## - PHYSICAL DESCRIPTION
Extent 32 unnumbered pages ;
Other physical details color illustrations ; color maps ;
Dimensions 22​ x 26 cm
520 ## - SUMMARY, ETC.
Summary, etc. Photos that explores the similarities among celebration rituals in several indigenous cultures around the world and compares them with celebrations in the United States. Includes a map and an author's note.
650 ## - SUBJECT ADDED ENTRY--TOPICAL TERM
Topical term or geographic name entry element Diversity
Form subdivision Connection
General subdivision Multi-culteral
942 ## - ADDED ENTRY ELEMENTS (KOHA)
Source of classification or shelving scheme Dewey Decimal Classification
Koha item type Books
Suppress in OPAC No
Holdings
Withdrawn status Lost status Source of classification or shelving scheme Damaged status Not for loan Collection Home library Current library Shelving location Date acquired Total Checkouts Full call number Barcode Date last seen Copy number Price effective from Koha item type
    Dewey Decimal Classification     Non-Fiction Footprints International School Library Network Toul Kork Campus Footprints International School Library Network Toul Kork Campus A TK Campus, 4th Floor, Room B401, Non-Fiction Bookcases(7-8) 04/28/2025   REY 394.26 GT3933 R49 FISTK02254 04/28/2025 1 04/28/2025 Books